000 00479nam a2200169Ia 4500
008 090711s9999 xx 000 0 und d
082 _b48387
100 _aकर्णिक हेमंत
245 _aन्यायमंडळ
260 _c1984
300 _a186
600 _aकर्णिक हेमंत
630 _aन्यायमंडळ
700 _aकर्णिक हेमंत
730 _aन्यायमंडळ
942 _cBOOK
999 _c299962
_d299962